Lichen in heathvegetation of Terengganu

A total of 32 lichens specimens were collected from Rantau Abang and Setiu consist of crustose (16 specimens), foliose (10 specimens), fruticose (three specimens), leprose (two specimens) and squamulose (one specimens)

Main Author: Nor Faizaitul Akma Kamaruzzaman
Published: Terengganu: Universiti Malaysia Terengganu, 2007.
LEADER 00867cam a2200169 7i4500
001 0000139755
005 20100207090000.0
002 0000004836
090 0 0 |a LP 23 FST 3 2007  
100 0 # |a Nor Faizaitul Akma Kamaruzzaman  
245 1 0 |a Lichen in heathvegetation of Terengganu   |c Nor Faizaitul Akma Kamaruzzaman. 
260 # # |a Terengganu:   |b Universiti Malaysia Terengganu,   |c 2007. 
300 |a xiii, 53 p.:   |b ill.(some col.);   |c 30 cm.. 
502 # # |a Research Report FST (Degree of Bachelor of Applied Science - Biodiversity Conservation and Management) 2007 
520 3 # |a A total of 32 lichens specimens were collected from Rantau Abang and Setiu consist of crustose (16 specimens), foliose (10 specimens), fruticose (three specimens), leprose (two specimens) and squamulose (one specimens) 
602 # # |a Laporan Projek FST 2007 
999 |a 1100051213  |b Book  |c LAPORAN PROJEK  |e BILIK ARKIB